| 000 | 00530nam a2200169Ia 4500 | ||
|---|---|---|---|
| 001 | 6614 | ||
| 008 | 260622s9999 xx 000 0 und d | ||
| 010 | _a2003110132 | ||
| 020 | _a9780618395941 | ||
| 245 | 4 |
_aThe New World Reader: Thinking and Writing about the Global Community/ _cGilbert H. Muller |
|
| 260 |
_aBoston; NY; _bHoughton Mifflin Company; _c2005 |
||
| 300 |
_a544p; _c23x15cm |
||
| 546 | _aEnglish | ||
| 650 |
_aCollege Readers _99453 |
||
| 650 |
_aPE1001-3602 English Language- Modern English _99454 |
||
| 942 | _cBK | ||
| 999 |
_c6614 _d6614 |
||